000 01186cam a22002771 4500
001 e 40000192
003 DLC
005 20260227111228.0
008 800328s1938 nyua b s000 0 eng c
010 _ae 40000192
035 _a(OCoLC)6139082
040 _aU. S. Off. of Educ. Library
_cNSySU-M
_dNSySU-M
_dDLC
042 _apremarc
050 0 0 _aRA440
_b.N4 no. 1
110 2 _aUniversity of the State of New York.
245 1 0 _aAdministration and supervision of school health service;
_ba manual of instruction for administrators, physicians and nurses ...
260 _aAlbany,
_bThe University of the State of New York,
_c1938.
300 _a3-136 p.
_bincl. forms
_c23 cm.
490 0 _aUniversity of the State of New York bulletin ...
_vno. 1148. September 15, 1938 ... Health education series. Bulletin no. 1. December 1938
500 _aCover-title.
500 _aPrepared by Lillian DeArmit, associate in heath and physical education. cf. Foreword.
500 _a"Legal provisions relating to school health service and supervision": p. 123-133.
504 _aBibliography: p. 134-135.
650 0 _aSchool hygiene
_zNew York (State)
700 1 _aDeArmit, Lillian.
999 _c21703
_d21703